Statystyki dla Osoby z największą liczbą pucharów na świecie w Brawl stars 2024

Kliknij tutaj aby rozwiązać quiz!

Ogólne statystyki

  • Ten quiz został rozwiązany 20 razy
  • Średni wynik to 2 z 15

Statystyki odpowiedzi

Top globalnieOdpowiedź% Poprawnych
1Juan Carlos
73%
6Physic
53%
3Evex
20%
10Niceshot
20%
2Code:VTzim
13%
13GuilleVGX
13%
4Efecan
7%
7Taha
7%
9Zava
7%
14Nova Winkiii
0%
5protislavv
0%
8Ryohei
0%
12Sitetampo
0%
11Sizuku
0%
15Xorox.B
0%

Rozkład punktacji

Percentyl według liczby udzielonych odpowiedzi

Procent ludzi z każdym wynikiem

Twoja historia wyników

Nie rozwiązałeś tego quizu